000 nam a22 a 4500
999 _c4559
_d4559
003 AKMAL
005 20170531152729.0
008 1 s1996 my 00 eng d
020 _a9678905647 (pbk.):
_cRgt. 12.50
040 _cAKMAL
082 0 4 _a347.59506 EVI
090 _a347.59506
_bEVI
110 1 _aMalaysia
_9400
240 1 0 _aAkta Keterangan, 1950.
_lEnglish
245 1 0 _aEvidence act, 1950 (Act 56) :
_b(as at 10th June 1996) /
_ccompiled by Legal Research Board
260 _aKuala Lumpur :
_bInternational Law Book Services,
_c1996
300 _aviii, 119p. ;
_c24cm
440 _aLaws of Malaysia
_91830
500 _aIncludes index
650 _aEvidence (Law)
_zMalaysia
_98308
650 _aConfession (Law)
_zMalaysia
_98728
710 2 _aMalaysian.
_tAkta Keterangan 1950
_98793
942 _2ddc
_cBOOK